000 00856nam a2200265 i 4500
001 000009936
003 DO-SdBNP
005 20241121120425.0
007 ta
008 091002s2003 dr r 000 p spa d
040 _aDO-SdBNP
_bspa
_cBNPHU
_erda
082 4 _aRD861.44
_bC843p
_222
100 1 _aCotes Morales, Juan Demóstenes,
_924868
_eautor
_4aut.
245 1 0 _aPuerto Rico en la mano del mundo y otros poemas /
_cJuan Demóstenes Cotes Morales.
264 4 _aSanto Domingo :
_bEditora Cocolo,
_c2003.
300 _a89 páginas ;
_c22 cm.
336 _atexto
_btxt
_2rdacontent
337 _asin mediación
_bn
_2rdamedia
338 _avolumen
_bnc
_2rdacarrier
590 _aInventariado, 2018/BT
650 4 _aPoesía dominicana
_966
650 4 _aLiteratura dominicana.
_967
910 _aValidado. Control de calidad. MMOLINA
942 _2ddc
_cLBS1
999 _c9695
_d9695